000 00881nab a2200253 u 4500
001 13644
003 HDC
007 cr bn ---aaaaa
008 210213c my dr|nes 0 |0eng
040 _aHDC
100 _aLusiana Mustinda,
_eauthor
_914375
245 0 _aWorld Halal Week' Jadi Peluang Kembangkan Produk Halal untuk Pasar Dunia /
_cby Lusiana Mustinda
260 _a[no place] :
_b[publisher not identified],
_c[no year]
336 _atext
_2rdacontent
337 _acomputer
_2rdamedia
338 _aonline resource
_2rdacarrier
650 _aHalal export
_96113
650 _aHalal food industry
_9128
710 _aDetik.com
856 _zRequest full-text at [email protected]
942 _2lcc
942 _cNEWS
942 _kNWSO 002922
999 _c10960
_d10960